Kto to nawinął na free? (2022-2024) - Statystyki

Ogólne statystyki
  • Ten quiz został rozwiązany 170 razy
    140 od ostatniego zresetowania
  • Średni wynik to 16 z 20
Statystyki odpowiedzi
Wersy Freestylowiec % Poprawnych
"I to jest tak, jadę freestyl. Takiej brzydkiej dziwki jeszcze nie ruchaliśmy" Filipek
97%
"Po tej walce kończę? Ani mi się waż. Po tej walce kończę, ale tobie na twarz" Jakub
93%
"Sprzątamy scenę, bo wiemy co to rapy. Można użyć mopa, ale można użyć szmaty" Bober
91%
"Szczęsny nie bronił jej dziewictwa, a ty bądź jak Szczęsny i w końcu obroń magistra" Edzio
91%
"O jak słodziutko, jesteście słodziaczki, może się jeszcze przy tym złapcie za siusiaczki" Peus
91%
"Jaka bomba od Putina ziomuś? Ja mam atomowe jądra, on jądra wielkości atomu" Yowee
91%
"A to jest kornelka, głupia cipka spod Rzeszowa. Dykcja tak chujowa że aż szkoda nie zdissować" Kaz
88%
"Skończyć jego karierę? Ja właśnie daję tu freestyl. Karakan przeżyje wszystkich: Jarosław Kaczyński" Milu
88%
"Zajebiście, nagywam tik toka, będzie trudno. Masz trzy słowa: ty sprzedajna kurwo" Cerber
86%
"I to jest tak, bądźmy szczerzy. Kiedyś raperzy, dziś influencerzy" Narys
86%
"Taka prawda, taka prawda, tak na dzisiaj. To jest regionalny kurwa taniec z Milicza" Tymin
85%
"Ja trzecią klasą, ty marna penero? Ty w każdym pojeździe musisz mieć miejsce na akordeon" Wudo
85%
"Jebać twoją matkę, stawiam ci na mordę klocka, jebać freestyle, wracaj do robloxa" Syn Młynarza
82%
"U ciebie też jest charyzma, i tłuszczowa tkanka. Przedstawiam: Yowee, prawdziwy smalec alfa" Recha
81%
"Oni wszyscy chcą być kimś innym, ale nie mogą. A ja jako jedyny jestem kimś będąc sobą" Manu
80%
"No i to jest proste, jestem mocny. Nie znam jej z pudelka, znam ją z Roxy" Rafi
80%
"Ja nie nagrałem żadnego singla pało, a i tak tych słuchalnych mamy tyle samo" Szyderca
79%
"A ty kurwa Młody schodzisz niżej. Dzwoń do Wardęgi, bo olbrzym idzie" Pukuś
60%
"Tak jestem bałwanem, powiem w potrzebie. Przed chwilą na backu Cerber mi ojebał marchewę" Wawrzyn
52%
"Fajnie się ogoliłeś bez lipy. Jestem jak Stuu, najbardziej lubię łyse cipy" Matis
43%
Nie znaleziono quizów pasujących do podanych kryteriów
Rozkład punktacji
Procent ludzi z każdym wynikiem
Percentyl według liczby udzielonych odpowiedzi
Twoja historia wyników
Nie rozwiązałeś tego quizu od ostatniego zresetowania